000 00421nam a2200181Ia 4500
005 20240823052227.0
008 240823s9999||||xx |||||||||||||| ||und||
041 _aENGLISH
082 _A621.3
100 _aBali
245 0 _aTata s Handbook of Electrical Engineering
250 _a1st
260 _b"Tata Pub,New "
500 _aTransfered
650 _aElectrical
_bElectrical
942 _cBK
999 _c221378
_d221378